|
|
|
|
| LEADER |
00000cam a2200000 a 4500 |
| 001 |
107971 |
| 003 |
Ucuenca |
| 005 |
20230308182051.0 |
| 008 |
010042|2002 ||||||||r|||||||||||spa|| |
| 020 |
|
|
|a 8481559598
|
| 040 |
|
|
|b spa
|
| 041 |
0 |
|
|a spa
|
| 082 |
0 |
|
|a 362.829 2
|
| 100 |
1 |
|
|a Soriano Díaz, Andrés
|9 96793
|
| 245 |
|
|
|a Educación y violencia familiar
|c Andrés Soriano Díaz
|h imp
|
| 264 |
|
|
|a Madrid
|b Dykinson
|c 2002
|
| 300 |
|
|
|a 119 páginas:
|b tab
|c 21 cm
|
| 500 |
|
|
|a PDF, contiene índice e introducción
|
| 504 |
|
|
|a incl. ref.
|
| 650 |
|
0 |
|a Maltrato
|9 64825
|
| 650 |
|
|
|a Violencia familiar
|9 52593
|
| 650 |
|
|
|a Agresividad
|9 32088
|
| 852 |
|
|
|a UC-CDJBV
|f Compra
|l 1
|m General
|p 20100429
|q 26,08
|r 2
|t 107971
|y 89897
|b 0
|d CDRC
|e CDRC
|g 370.114 PRIMER PISO
|u http://nas.ucuenca.edu.ec/BibliotecaDigital/ebooks/librosyrev/107971.pdf
|z 2010-00-42
|
| 856 |
|
|
|u http://nas.ucuenca.edu.ec/BibliotecaDigital/ebooks/librosyrev/107971.pdf
|
| 942 |
|
|
|c BK
|0 4
|
| 999 |
|
|
|c 58556
|d 58556
|